Online
Catalog

Los griegos / (Record no. 36330)

MARC details
000 -CABECERA
campo de control de longitud fija 00786cam a2200217 a 4500
001 - NÚMERO DE CONTROL
campo de control 000036839
005 - FECHA Y HORA DE LA ÚLTIMA TRANSACCIÓN
campo de control 20200930075952.0
008 - DATOS DE LONGITUD FIJA--INFORMACIÓN GENERAL
campo de control de longitud fija 710114s1966 sp a 000 0 spa d
040 ## - FUENTE DE LA CATALOGACIÓN
Centro catalogador/agencia de origen DO-SdBNP
Lengua de catalogación spa
Centro/agencia transcriptor BNPHU
041 17 - CÓDIGO DE LENGUA
Código de lengua del texto/banda sonora o título independiente spa
Código de lengua original eng
245 04 - MENCIÓN DE TÍTULO
Título Los griegos /
Mención de responsabilidad, etc. Hugh Lloyd-Jones (ed.) ; versión española de J. C. Cayol de Bethencourt.
260 ## - PUBLICACIÓN, DISTRIBUCIÓN, ETC.
Lugar de publicación, distribución, etc. Madrid :
Nombre del editor, distribuidor, etc. Gredos,
Fecha de publicación, distribución, etc. 1966.
300 ## - DESCRIPCIÓN FÍSICA
Extensión 331 p. :
Otras características físicas il. ;
Dimensiones 19 cm.
490 0# - MENCIÓN DE SERIE
Mención de serie Biblioteca universitaria Gredos. Manuales ;
Designación de volumen o secuencia 2
534 ## - NOTA SOBRE LA VERSIÓN ORIGINAL
Frase introductoria Tít. original:
Mención de título del original The greeks
651 #4 - PUNTO DE ACCESO ADICIONAL DE MATERIA--NOMBRE GEOGRÁFICO
Nombre geográfico Grecia
Subdivisión general Civilización
Subdivisión cronológica 146 a. C.
9 (RLIN) 63179
651 #4 - PUNTO DE ACCESO ADICIONAL DE MATERIA--NOMBRE GEOGRÁFICO
Nombre geográfico Grecia
Subdivisión general Historia
9 (RLIN) 2389
700 1# - PUNTO DE ACCESO ADICIONAL--NOMBRE DE PERSONA
Nombre de persona Lloyd-Jones, Hugh
Término indicativo de función/relación ed.
9 (RLIN) 63180
700 1# - PUNTO DE ACCESO ADICIONAL--NOMBRE DE PERSONA
Nombre de persona Cayol de Bethencourt, J. C.,
Término indicativo de función/relación trad.
9 (RLIN) 63181
830 #0 - PUNTO DE ACCESO ADICIONAL DE SERIE-TÍTULO UNIFORME
Título uniforme Biblioteca universitaria Gredos.
Nombre de parte o sección de la obra Manuales ;
Designación de volumen o secuencia 2
9 (RLIN) 63182
Holdings
Estado de retiro Estado de pérdida Restricciones de uso No para préstamo Código de colección Localización permanente Ubicación/localización actual Ubicación en estantería Fecha de adquisición Número de inventario Total de préstamos Signatura topográfica completa Código de barras Fecha visto por última vez Precio válido a partir de Tipo de ítem Koha
        Monografías: Libros y Folletos General General En catalogación 02.02.2012 LF1   36839-10 25.06.2020 25.06.2020 Préstamo en sala

Powered by Koha